| 000 | 00648nam a22002297a 4500 | ||
|---|---|---|---|
| 999 |
_c53 _d53 |
||
| 001 | 15913 | ||
| 003 | BD-DhUAP | ||
| 005 | 20200114150001.0 | ||
| 008 | 200114s2010 ii ||||| |||| 001 0 eng d | ||
| 020 | _a9788131724231 | ||
| 040 |
_aBD-DhUAP _bEng _cBD-DhUAP _dBD-DhUAP |
||
| 082 |
_223 _a160 INT |
||
| 245 |
_aIntroduction to logic / _cIrving M. Copi...[et al.]. |
||
| 250 | _a13th ed. | ||
| 260 |
_aDelhi : _bPrentice-Hall, _cc2010. |
||
| 300 |
_axviii, 686 pages : _billustrations ; _c24 cm. |
||
| 500 | _aIncludes index. | ||
| 650 |
_aLogic _vTextbooks. |
||
| 650 |
_aPHILOSOPHY _vGeneral. |
||
| 650 |
_aPHILOSOPHY _v Logic. |
||
| 942 |
_2ddc _cBK |
||